000 00480nam a2200145Ia 4500
003 OSt
005 20260128102514.0
008 211028s2017 xx 000 0 und d
040 _cAIMIT LIBRARY
041 _aeng
100 _aWilson, Shibin; Swapna Rose.
_g1516151
_97724
245 _aProject report on perception of employees regarding performance appraisal method with reference to Maharani gold park Nilambur /
260 _aMangalore
_bSwapna Rose
_c2017
942 _2ddc
_cPRO
999 _c219292
_d219292